000 00484nam a2200181Ia 4500
003 GCL
008 140319s9999 xx 000 0 ara d
040 _aGCL /
_cGCL
082 0 4 _a226.2
_bم ص
100 1 _aمحمد الدسوقى
245 1 0 _aالصيام فى القران /
_cمحمد الدسوقى
300 _a142 ص
490 _aاقرأ
_v0
650 0 4 _aالصيام
650 0 4 _aالقران - تفسير
650 0 4 _aالقران - احكام
942 _2ddc
_cBK
999 _c50208
_d50208